[Event "TCh-MNE Premier League"]
[Site "Cetinje MNE"]
[Date "2010.07.27"]
[Round "4"]
[White "Miladinovic,I"]
[Black "Arsovic,G"]
[Result "1-0"]
[WhiteElo "2552"]
[BlackElo "2434"]

1.d4 Nf6 2.c4 g6 3.Nc3 Bg7 4.e4 d6 5.Nf3 O-O 6.Be2 e5 7.O-O exd4 8.Nxd4 Re8
9.f3 c6 10.Kh1 Nbd7 11.Nc2 Nb6 12.Bf4 Be6 13.Na3 d5 14.cxd5 cxd5 15.Nab5 dxe4
16.fxe4 Bc4 17.Bxc4 Nxc4 18.Nc7 Qxd1 19.Raxd1 Nxb2 20.Rb1 Nd3 21.Nxa8 Rxa8
22.Rxb7 Ng4 23.Nd1 Nxf4 24.Rxf4 Rd8 25.Rb1 h5 26.h3 Ne5 27.Rf2 Rd3 28.Rc2 Ra3
29.Nc3 h4 30.Rb8+ Kh7 31.Rb7 Bh6 32.Kg1 Kg7 33.Kf2 Bf4 34.Ke2 Nc6 35.Kf1 Nd4
36.Rf2 g5 37.Nb5 Nxb5 38.Rxb5 Bg3 39.Rf3 Rxa2 40.Rxg5+ Kf8 41.Rgf5  1-0

[Event "21st Czech GM Open"]
[Site "Pardubice CZE"]
[Date "2010.07.27"]
[Round "5"]
[White "Grinev,V"]
[Black "Salem,AR"]
[Result "1/2-1/2"]
[WhiteElo "2336"]
[BlackElo "2469"]

1.Nf3 Nf6 2.c4 g6 3.Nc3 Bg7 4.e4 d6 5.d4 O-O 6.Be2 Nbd7 7.O-O e5 8.Re1 a6
9.Rb1 exd4 10.Nxd4 c6 11.b4 Re8 12.Bf1 a5 13.a3 axb4 14.axb4 Ng4 15.Qxg4 Bxd4
16.Qg3 Qf6 17.Bb2 h5 18.Nd1 Bxb2 19.Rxb2 h4 20.Qc3 Ne5 21.h3 g5 22.Rd2 g4
23.hxg4 Bxg4 24.Be2 Qg6 25.f4 Bxe2 26.Rdxe2 Ng4 27.Nf2 Nf6 28.Qh3 Qg3 29.Qf5 Qg6
30.Qh3 Qg3 31.Qf5 Qg6  1/2-1/2

[Event "21st Czech GM Open"]
[Site "Pardubice CZE"]
[Date "2010.07.27"]
[Round "5"]
[White "Karavade,E"]
[Black "Migot,Tangi"]
[Result "1/2-1/2"]
[WhiteElo "2378"]
[BlackElo "2229"]

1.d4 Nf6 2.c4 g6 3.Nc3 Bg7 4.e4 d6 5.Nf3 O-O 6.Be2 e5 7.Be3 Ng4 8.Bg5 f6
9.Bh4 g5 10.Bg3 Nh6 11.d5 Nd7 12.Nd2 f5 13.exf5 Nf6 14.Nde4 Nxe4 15.Nxe4 Bxf5
16.Bd3 g4 17.O-O Bxe4 18.Bxe4 Qg5 19.Qb3 b6 20.Qe3 Qh5 21.Qe2 Qg5 22.f3 gxf3
23.Rxf3 Rxf3 24.Qxf3 Ng4 25.Bf5 Qe3+ 26.Qxe3 Nxe3 27.Be6+ Kh8 28.b3 Rf8 29.Re1 Bh6
30.Bf2 Nc2 31.Re4 Bg5 32.Bg4 Nb4 33.Re2 Nd3 34.Be3 Bxe3+ 35.Rxe3 Nb4 36.Re2 Rf4
37.h3 a5 38.g3 Rd4 39.Bf5 Rd1+ 40.Kf2 Ra1 41.a4 Rd1 42.Re4 Rd2+ 43.Re2 Nd3+
44.Bxd3 Rxd3 45.Re3 Rxe3 46.Kxe3 Kg7 47.Ke4 Kg6 48.Ke3 Kf5  1/2-1/2

[Event "XXXVI Open"]
[Site "Sitges ESP"]
[Date "2010.07.27"]
[Round "6"]
[White "Cruz,Cr"]
[Black "Layola Barrionuevo,Javier"]
[Result "1-0"]
[WhiteElo "2536"]
[BlackElo "2164"]

1.d4 Nf6 2.c4 g6 3.Nc3 Bg7 4.e4 d6 5.Be2 O-O 6.Nf3 Nbd7 7.O-O e5 8.Re1 Re8
9.Bf1 b6 10.d5 Nf8 11.b4 Nh5 12.c5 f5 13.cxd6 cxd6 14.Nd2 Nf6 15.Ba3 Bb7
16.Bb5 Re7 17.Bc6 Rc8 18.b5 Qc7 19.Nc4 Ne8 20.exf5 gxf5 21.Qh5 Nd7 22.Qxf5 Nc5
23.Bxc5 bxc5 24.b6 axb6 25.Nb5 Qd8 26.Bxb7 Rxb7 27.Ncxd6 Nxd6 28.Nxd6 Rcc7
29.Qe6+ Kh8 30.Nxb7 Rxb7 31.d6 Qd7 32.Qxd7 Rxd7 33.Red1 Bf6 34.Rd5 Kg7 35.a4 Kf7
36.a5 Ke6 37.Rdd1 e4 38.Ra4 Bd4 39.axb6 Rxd6 40.b7 Rb6 41.Ra6  1-0

[Event "21st Czech GM Open"]
[Site "Pardubice CZE"]
[Date "2010.07.28"]
[Round "6"]
[White "Gutman,G"]
[Black "Aguettaz,M"]
[Result "1/2-1/2"]
[WhiteElo "2502"]
[BlackElo "2406"]

1.d4 Nf6 2.Nf3 g6 3.c4 Bg7 4.Nc3 O-O 5.e4 d6 6.Be2 e5 7.Be3 h6 8.O-O Ng4
9.Bc1 Nc6 10.d5 Ne7 11.Ne1 f5 12.Bxg4 fxg4 13.Be3 g5 14.Nd3 Ng6 15.c5 Nf4
16.b4 h5 17.a4 h4 18.a5 Qf6 19.Nb2 Qg6 20.Nc4 Bd7 21.a6 b6 22.c6 Bc8 23.g3 Nh5
24.Kg2 Bh6 25.Nd2 Nf4+ 26.Kh1 Rf7 27.Rg1 Kh7 28.Nf1 Nh3 29.Rg2 Rf3 30.b5 Kg7
31.Ra2  1/2-1/2

[Event "TCh-MNE Premier League"]
[Site "Cetinje MNE"]
[Date "2010.07.29"]
[Round "6"]
[White "Rajkovic,Du"]
[Black "Arsovic,G"]
[Result "1/2-1/2"]
[WhiteElo "2453"]
[BlackElo "2434"]

1.c4 Nf6 2.d4 g6 3.Nc3 Bg7 4.e4 d6 5.Nf3 O-O 6.Be2 e5 7.O-O exd4 8.Nxd4 Re8
9.f3 c6 10.Kh1 Nbd7 11.Nc2 Nb6 12.Bg5 h6 13.Bh4  1/2-1/2

[Event "3rd Open"]
[Site "Paleochora GRE"]
[Date "2010.07.29"]
[Round "9"]
[White "Volkov,Sergey1"]
[Black "Maris,I"]
[Result "1-0"]
[WhiteElo "2597"]
[BlackElo "2144"]

1.d4 Nf6 2.c4 g6 3.Nc3 Bg7 4.e4 d6 5.Be2 O-O 6.Nf3 e5 7.Be3 exd4 8.Nxd4 Re8
9.f3 a6 10.Qd2 Nc6 11.O-O Nxd4 12.Bxd4 h6 13.Rfd1 Be6 14.Rac1 Rc8 15.Bf1 g5
16.a3 Nh5 17.b4 Bxd4+ 18.Qxd4 g4 19.Qe3 Kg7 20.f4 f5 21.e5 Qe7 22.exd6 cxd6
23.Qd4+ Qf6 24.a4 Bf7 25.a5 Kg8 26.Qxf6 Nxf6 27.Rxd6 Kg7 28.c5 Rc7 29.Bd3 Ne4
30.Bxe4 fxe4 31.Ne2 e3 32.Ng3 h5 33.Nf5+ Kg8 34.Rd4 Re6 35.Re1 e2 36.Kf2 Rf6
37.Nd6  1-0

[Event "21st Czech GM Open"]
[Site "Pardubice CZE"]
[Date "2010.07.29"]
[Round "7"]
[White "Zakhartsov,Vi"]
[Black "Rasik,V"]
[Result "1/2-1/2"]
[WhiteElo "2608"]
[BlackElo "2491"]

1.d4 Nf6 2.c4 g6 3.Nc3 Bg7 4.e4 d6 5.Nf3 O-O 6.Be2 c6 7.O-O e5 8.d5 Na6 9.Nd2 Ne8
10.Rb1 c5 11.a3 f5 12.exf5 gxf5 13.f4 e4 14.Nb3 Nac7 15.Be3 b6 16.Qd2 Kh8
17.Kh1 Qh4 18.g3 Qh3 19.Nd1 Nf6 20.Nf2 Qh6 21.Rg1 Bd7 22.Na1 b5 23.b4 bxc4
24.Bxc4 Bb5 25.Bxb5 Nxb5 26.bxc5 Nxa3 27.Rbc1 Nb5 28.cxd6 Nxd6 29.Rc6 Rfd8
30.Nc2 Qh5 31.Bd4 Qf3+ 32.Rg2 Rab8 33.h3 Nde8 34.Ne3 Nxd5 35.Bxg7+ Nxg7 36.Nxd5 e3
37.Qxe3 Qxd5 38.Rc5 Qd4 39.Qxd4 Rxd4 40.Ra5 Rb2 41.Rxa7 h6 42.g4 Rdd2 43.gxf5 Nxf5
44.Ra8+ Kh7 45.Ra7+ Kh8  1/2-1/2

[Event "XXXVI Open"]
[Site "Sitges ESP"]
[Date "2010.07.29"]
[Round "8"]
[White "Cruz,Cr"]
[Black "Movsziszian,K"]
[Result "1/2-1/2"]
[WhiteElo "2536"]
[BlackElo "2490"]

1.d4 d6 2.c4 g6 3.Nc3 Bg7 4.e4 Nf6 5.Be2 O-O 6.Nf3 Nbd7 7.O-O e5 8.Re1 c6
9.Rb1 a5 10.Bf1 Re8 11.b3 exd4 12.Nxd4 Ng4 13.f3 Qb6 14.Ne2 Nge5 15.Be3 Nc5
16.Nc3 f5 17.Bf2 fxe4 18.Nxe4 Nxe4 19.Rxe4 Qd8 20.Qd2 Bd7 21.Rd1 Qf6 22.Ne2 Bf5
23.Rd4 Nf7 24.Ng3 Be6 25.Ne4 Qe7 26.Rd3 Bf5 27.Nxd6 Bxd3 28.Nxe8 Bxf1 29.Nxg7 Rd8
30.Qe1 Qxe1 31.Rxd8+ Nxd8 32.Bxe1 Bd3 33.Bxa5 Kxg7 34.Bxd8 Bb1 35.b4 Bxa2
36.c5 h5  1/2-1/2

[Event "Tch-POR 1st Div Final"]
[Site "Vila Nova de Gaia POR"]
[Date "2010.07.29"]
[Round "6.2"]
[White "Rubio Mejia,L"]
[Black "Vassallo Barroche,M"]
[Result "1/2-1/2"]
[WhiteElo "2354"]
[BlackElo "2432"]

1.d4 Nf6 2.c4 g6 3.Nc3 Bg7 4.e4 O-O 5.Nf3 d6 6.Be2 e5 7.O-O exd4 8.Nxd4 Re8
9.f3 c6 10.Kh1 a6 11.Nc2 Be6 12.Nd4 Bc8 13.Nc2 Be6 14.Nd4 Bc8 15.Nc2  1/2-1/2

[Event "111th US Open"]
[Site "Irvine USA"]
[Date "2010.07.31"]
[Round "1"]
[White "Liu,E"]
[Black "Bercys,S"]
[Result "0-1"]
[WhiteElo "2276"]
[BlackElo "2418"]

1.d4 Nf6 2.Nf3 g6 3.c4 Bg7 4.Nc3 O-O 5.e4 d6 6.Be2 Nbd7 7.O-O e5 8.d5 Nc5
9.Qc2 a5 10.Bg5 h6 11.Bh4 g5 12.Bg3 Nh5 13.Nd2 Nf4 14.f3 h5 15.Bf2 g4 16.Nb3 b6
17.Nxc5 bxc5 18.Nb5 f5 19.Kh1 Rf7 20.Be3 Nxe2 21.Qxe2 f4 22.Bd2 Qh4 23.Kg1 Bf6
24.Be1 g3 25.h3 Rg7 26.Rc1 Bxh3 27.gxh3 Qxh3 28.Qg2 Qc8 29.Qh1 h4 30.Kg2 h3+
31.Qxh3 Qxh3+ 32.Kxh3 g2  0-1

[Event "19th Open"]
[Site "Kavala GRE"]
[Date "2010.07.31"]
[Round "2"]
[White "Sachdev,T"]
[Black "Zubarev,Al1"]
[Result "0-1"]
[WhiteElo "2396"]
[BlackElo "2562"]

1.d4 g6 2.c4 Bg7 3.Nf3 d6 4.Nc3 Nf6 5.e4 O-O 6.Be2 Nbd7 7.O-O e5 8.d5 Nc5
9.Qc2 a5 10.Bg5 h6 11.Be3 b6 12.Ne1 Bd7 13.f3 Nh5 14.g3 Qe7 15.Ng2 Kh7 16.g4 Nf4
17.Nxf4 exf4 18.Bxf4 f5 19.exf5 gxf5 20.Rae1 Kh8 21.Qd2 Qf6 22.g5 Qd4+ 23.Qxd4 Bxd4+
24.Kh1 hxg5 25.Bxg5 f4 26.Rd1 Bg7 27.Bh4 a4 28.a3 Rae8 29.Rfe1 Bf5 30.Bf2 Bc2
31.Rd2 Bg6 32.Bf1 Rxe1 33.Bxe1 Nb3 34.Re2 Bd3 35.Rf2 Re8 36.Bxd3 Rxe1+ 37.Kg2 Bxc3
38.bxc3 Nc5 39.Bf5 Ra1 40.Re2 Kg7 41.h4 Kf6 42.Bc2 Rxa3 43.Kh3 Rxc3 44.Kg4 a3
45.Bb1 Rxc4 46.h5 Rc1  0-1

[Event "21st Czech GM Open"]
[Site "Pardubice CZE"]
[Date "2010.07.31"]
[Round "9"]
[White "Grigoriants,S RUS"]
[Black "Vidit,S"]
[Result "1-0"]
[WhiteElo "2566"]
[BlackElo "2492"]

1.d4 Nf6 2.c4 g6 3.Nc3 Bg7 4.e4 d6 5.Nf3 O-O 6.Be2 Nbd7 7.O-O e5 8.Re1 Re8
9.Bf1 exd4 10.Nxd4 c6 11.Bf4 Nc5 12.Qc2 Nfd7 13.Be3 Ne5 14.h3 Ne6 15.Rad1 Qh4
16.Nce2 a6 17.f4 Nd7 18.Nxe6 Rxe6 19.Bf2 Qd8 20.f5 gxf5 21.exf5 Re5 22.Rxd6 Bf8
23.Rdd1 Qa5 24.Ng3 Nf6 25.Rxe5 Qxe5 26.Qd2 h6 27.Qd4 Qxd4 28.Bxd4 Be7 29.Be2 Kf8
30.Bf3 Ne8 31.Be3 Bg5 32.Bc5+ Be7 33.Be3 Bg5 34.Bb6 Bh4 35.Kh2 Ng7 36.Be4 Bf6
37.Bd4 Bg5 38.f6 Ne6 39.Be5 a5 40.Nf5 a4 41.h4  1-0

[Event "ch-CRC"]
[Site "San Jose CRC"]
[Date "2010.07.31"]
[Round "5"]
[White "Alfaro Rojas,A"]
[Black "Arias Santana,M"]
[Result "1/2-1/2"]
[WhiteElo "2188"]
[BlackElo "2345"]

1.d4 Nf6 2.c4 g6 3.Nc3 Bg7 4.e4 d6 5.Nf3 O-O 6.Be2 e5 7.O-O Na6 8.Re1 Qe8
9.Bf1 Bg4 10.Be3 Rd8 11.Rb1 c6 12.d5 Nc5 13.h3 Bd7 14.Nd2 cxd5 15.cxd5 Rc8
16.Nc4 Qe7 17.Bg5 h6 18.Bd2 b5 19.b4 Ncxe4 20.Nxe4 Nxe4 21.Na5 Nc3 22.Bxc3 Rxc3
23.Qd2 Rc7 24.Nc6 Bxc6 25.dxc6 Rxc6 26.Bxb5 Rc7 27.Qd5 Qe6 28.Rbd1 Rb8 29.a3 Rc3
30.Qxe6 fxe6 31.Bd7  1/2-1/2

[Event "111th US Open"]
[Site "Irvine USA"]
[Date "2010.08.01"]
[Round "2"]
[White "Bercys,S"]
[Black "Hughes,T"]
[Result "1/2-1/2"]
[WhiteElo "2418"]
[BlackElo "2312"]

1.d4 Nf6 2.c4 g6 3.Nc3 Bg7 4.e4 d6 5.Nf3 O-O 6.Be2 e5 7.Be3 Na6 8.O-O Ng4
9.Bg5 f6 10.Bc1 exd4 11.Nxd4 f5 12.h3 Nh6 13.exf5 Nxf5 14.Nxf5 Bxf5 15.Be3 Nc5
16.Rc1 Qh4 17.b4 Ne4 18.Nxe4 Bxe4 19.Bd3 a5 20.b5 Bxd3 21.Qxd3 b6 22.Qd5+ Kh8
23.Qc6 Qe7 24.Rfe1 Qf7 25.Qd5 Rae8 26.Qxf7 Rxf7 27.g3 Re4 28.Red1 h5 29.Kg2 Kh7
30.Rc2 Bh6 31.Rd4 Re8 32.Bxh6 Kxh6 33.h4 Re1 34.Rdd2 Rfe7 35.Kf3  1/2-1/2

[Event "ch-CRC"]
[Site "San Jose CRC"]
[Date "2010.08.01"]
[Round "6"]
[White "Arias Santana,M"]
[Black "Duran Vega,S"]
[Result "1-0"]
[WhiteElo "2345"]
[BlackElo "2156"]

1.d4 Nf6 2.c4 g6 3.Nc3 Bg7 4.e4 d6 5.Nf3 O-O 6.Be2 e5 7.d5 a5 8.h3 Na6 9.Bg5 h6
10.Be3 Nd7 11.g4 Ndc5 12.Qd2 Kh7 13.g5 h5 14.O-O-O Qe7 15.Rdg1 c6 16.Nh4 Kg8
17.Kb1 Rb8 18.Qd1 b5 19.dxc6 Be6 20.cxb5 Nb4 21.f3 a4 22.Qd2 a3 23.Nd5 Bxd5
24.exd5 e4 25.Bd4 Bxd4 26.Qxd4 exf3 27.Bc4 f2 28.Rf1 Qe4+ 29.Qxe4 Nxe4 30.bxa3 Nxd5
31.Bxd5 Nc3+ 32.Ka1 Nxd5 33.a4 Ra8 34.Rxf2 Rxa4 35.Nf3 Rf4 36.Rd1 Nc3 37.Rd4 Rf5
38.b6 Rc5 39.c7 Rb5 40.Rb2 Ra8 41.Ra4  1-0

[Event "97th ch-GBR"]
[Site "Canterbury ENG"]
[Date "2010.08.02"]
[Round "7"]
[White "Wells,P"]
[Black "Littlewood,P"]
[Result "1/2-1/2"]
[WhiteElo "2488"]
[BlackElo "2361"]

1.d4 Nf6 2.c4 g6 3.Nc3 Bg7 4.e4 d6 5.Nf3 O-O 6.Be2 Nbd7 7.O-O e5 8.Be3 Re8
9.d5 Nh5 10.g3 Bf8 11.Ne1 Ng7 12.Nd3 f5 13.f3 Be7 14.Qd2 Nf6 15.Bh6 fxe4
16.fxe4 Bh3 17.Rxf6 Bxf6 18.g4 Bh4 19.Qe3 Bxg4 20.Bxg4 Rf8 21.c5 Qe7 22.c6 b6
23.Kh1 Rf6 24.Rg1 Raf8 25.Qh3 Bf2 26.Nxf2 Rxf2 27.Bg5 Qe8 28.Bd7 Qb8 29.Nd1 R2f3
30.Qg4 b5 31.Bh6 Rf1 32.Qg5 Rxg1+ 33.Kxg1 Qb6+ 34.Ne3 Qa5 35.Ng2 Qxa2 36.h4 Qxb2
37.Qe7 Qf2+ 38.Kh2 Qf6 39.Qxf6 Rxf6 40.Bg5 Rf8 41.Be7 Ra8 42.Bxd6 cxd6 43.c7 Ne8
44.c8=Q Rxc8 45.Bxc8 Nf6 46.Ba6 Nxe4 47.Bxb5 Kf7 48.Ne3 Nd2 49.Ba6 Kf6 50.Kg3 h5
51.Bb5 a5 52.Be8 g5 53.Bxh5 gxh4+ 54.Kxh4 a4 55.Nc2 e4 56.Be8 Ke5 57.Bxa4 Kxd5
58.Kg3 Kc4 59.Kf2  1/2-1/2

[Event "Politiken Larsen Rapid"]
[Site "Copenhagen DEN"]
[Date "2010.08.02"]
[Round "1"]
[White "Nielsen,PH"]
[Black "Svidler,P"]
[Result "1/2-1/2"]
[WhiteElo "2680"]
[BlackElo "2739"]

1.d4 Nf6 2.c4 g6 3.Nc3 Bg7 4.e4 d6 5.Nf3 O-O 6.Be2 e5 7.O-O Na6 8.Re1 c6
9.Be3 Qe7 10.c5 Ng4 11.cxd6 Qxd6 12.Bxa6 Nxe3 13.Rxe3 exd4 14.Bf1 Qb4 15.a3 Qxb2
16.Rb1 Qxa3 17.Nxd4 Rd8 18.Rd3 Qc5 19.Nce2 a5 20.Ne6 Rxd3 21.Nxc5 Rxd1 22.Rxd1 Bf6
23.Na4 Be6 24.Nc5 Bc8 25.Na4 Be6 26.Nc5  1/2-1/2

[Event "Politiken Cup"]
[Site "Copenhagen DEN"]
[Date "2010.08.02"]
[Round "4"]
[White "Nielsen,Henn"]
[Black "Ebeling,J"]
[Result "1/2-1/2"]
[WhiteElo "2164"]
[BlackElo "1999"]

1.d4 Nf6 2.c4 g6 3.Nc3 Bg7 4.e4 d6 5.Nf3 O-O 6.Be2 Na6 7.O-O e5 8.Be3 Ng4
9.Bg5 Qe8 10.h3 h6 11.Bh4 Nf6 12.dxe5 dxe5 13.a3 Nc5 14.Qc2 c6 15.Rad1 Nfd7
16.Ne1 Ne6 17.Bg4 Nd4 18.Bxd7 Bxd7 19.Qd3 g5 20.Bg3 Be6 21.f3 Rd8 22.Bf2 Qe7
23.b4 a6 24.Nc2 b5 25.cxb5 axb5 26.Nxd4 exd4 27.Ne2 Bc4 28.Qd2 Qa7 29.Rfe1 Bxe2
30.Rxe2 Qxa3 31.e5 Rfe8 32.Rde1 Qc3 33.Bg3 Rd5 34.Kf2 Bf8 35.Rb1 c5 36.bxc5 Qxc5
37.Qd3 Qc4 38.Rb3 Qxd3 39.Rxd3 Bg7 40.Re4 Bxe5 41.Bxe5 Rexe5 42.Rxe5 Rxe5
43.Rxd4 Kg7 44.h4 Rc5 45.Ke3 Rc2 46.hxg5 hxg5 47.Rd5 Rxg2 48.Rxb5 Kg6 49.Rb6+ f6
50.Rb8 Ra2 51.Rc8 Ra3+ 52.Kf2 Kf5 53.Rb8 Kf4 54.Rb4+ Kf5 55.Rb5+ Kf4  1/2-1/2

[Event "Politiken Cup"]
[Site "Copenhagen DEN"]
[Date "2010.08.03"]
[Round "5"]
[White "Hansen,Erik Friberg"]
[Black "Andersen,Dag"]
[Result "1/2-1/2"]
[WhiteElo "1558"]
[BlackElo "1899"]

1.d4 Nf6 2.Nf3 g6 3.c4 Bg7 4.Nc3 d6 5.e4 O-O 6.Be2 Nbd7 7.O-O e5 8.d5 Ne8
9.Bd3 Nc5 10.Ne1 Nxd3 11.Qxd3 f5 12.f4 fxe4 13.Qxe4 Nf6 14.Qf3 exf4 15.Bxf4 Nh5
16.Qe3 Nxf4 17.Rxf4 Rxf4 18.Qxf4 Be5 19.Qe3 Bf5 20.Nf3 Bf6 21.Rf1 a6 22.b3 Qf8
23.Ne4 Bxe4 24.Qxe4 Re8 25.Qd3 Qg7 26.Qd2 Bc3 27.Qd3 h6 28.Nh4 Kh7 29.Nf3 Bb4
30.h3 Bc5+ 31.Kh1 Re3 32.Qd2 Qc3 33.Qxc3 Rxc3 34.Re1 Re3 35.Rxe3 Bxe3 36.Nh4 Kg7
37.g4 Bd4 38.Nf3 Bc3 39.Nh4 Kf6 40.Kg2 Kg5 41.Nf3+ Kf4 42.Nh4 Kg5 43.Nf3+ Kf4  1/2-1/2

[Event "19th Open"]
[Site "Kavala GRE"]
[Date "2010.08.03"]
[Round "5"]
[White "Atalik,E"]
[Black "Nevednichy,V"]
[Result "0-1"]
[WhiteElo "2444"]
[BlackElo "2592"]

1.d4 d6 2.Nf3 Nf6 3.c4 g6 4.Nc3 Bg7 5.e4 O-O 6.Be2 Nbd7 7.O-O e5 8.Qc2 Nh5
9.Rd1 Nf4 10.Bf1 c5 11.d5 Nf6 12.Ne1 Ne8 13.g3 Nh5 14.Be2 f5 15.Bxh5 gxh5
16.exf5 Bxf5 17.Qe2 Qd7 18.f3 Nf6 19.Bg5 e4 20.fxe4 Nxe4 21.Nxe4 Rfe8 22.Nxc5 dxc5  0-1

[Event "49th WJun"]
[Site "Chotowa POL"]
[Date "2010.08.04"]
[Round "2"]
[White "Platzgummer,F"]
[Black "Herman,J"]
[Result "1-0"]
[WhiteElo "2351"]
[BlackElo "2094"]

1.c4 Nf6 2.Nc3 g6 3.Nf3 Bg7 4.e4 d6 5.d4 O-O 6.Be2 e5 7.Be3 Bg4 8.d5 a5 9.h3 Bxf3
10.Bxf3 Na6 11.a3 Nd7 12.g4 Nac5 13.b3 f5 14.Rb1 fxe4 15.Nxe4 Nxe4 16.Bxe4 b6
17.b4 axb4 18.axb4 Ra3 19.Rb3 Rxb3 20.Qxb3 Bf6 21.Bh6 Rf7 22.Qd3 Bg5 23.Bxg6 Bxh6
24.Bxf7+ Kxf7 25.Qxh7+ Bg7 26.Qf5+ Kg8 27.h4 e4 28.Qxe4 Bc3+ 29.Kf1 Bxb4
30.h5 Nf8 31.Rh3 Qa8 32.Kg2 Qa1 33.g5 Qe5 34.Re3 Qg7 35.h6 Qf7 36.Rf3 Qh5
37.Qf5 Qe8 38.Qf6  1-0

[Event "GM"]
[Site "Stara Pazova SRB"]
[Date "2010.08.04"]
[Round "5"]
[White "Indjic,D"]
[Black "Ilincic,Z"]
[Result "1-0"]
[WhiteElo "2329"]
[BlackElo "2455"]

1.d4 Nf6 2.Nf3 g6 3.c4 Bg7 4.Nc3 O-O 5.e4 d6 6.Be2 e5 7.d5 Na6 8.Bg5 h6 9.Bh4 g5
10.Bg3 Nxe4 11.Nxe4 f5 12.Nfd2 fxe4 13.Nxe4 Bf5 14.Bd3 c6 15.O-O cxd5 16.cxd5 Qb6
17.Qe2 Nb4 18.Bc4 Rac8 19.Rac1 a5 20.Kh1 Rc7 21.f3 Rcf7 22.Bf2 Qd8 23.a3 Na6
24.Bd3 Qd7 25.g4 Bh7 26.Bb6 Rf4 27.h3 Kh8 28.Kg2 Bg8 29.Be3 Bxd5 30.Bxf4 exf4
31.Nc3 Bc6 32.Bb1 Nc5 33.Qc2 Bxc3 34.Qxc3+ Qg7 35.Rfd1 Qxc3 36.Rxc3 Rf6 37.b4 axb4
38.axb4 Na4 39.Rcd3 d5 40.b5 Bxb5 41.Rxd5 Nc3 42.Rd8+ Kg7 43.Rc1 Nxb1 44.Rxb1 Bc6
45.Re1 Kf7 46.Re5 Rg6 47.Kf2 Rf6 48.h4 gxh4 49.Rh5 Ke7 50.Rd4 Bd7 51.Rxh4 Bc6
52.Rh5 Ke6 53.Rd1 Kf7 54.Rd8 Kg7 55.Rd4 Kg6 56.Rc5 b6 57.Re5 Bb7 58.Rd7 Ba6
59.Red5 Bc4 60.R5d6 b5 61.Rxf6+ Kxf6 62.Rd6+ Ke5 63.Rxh6 Kd4 64.Rf6 b4 65.Rxf4+ Kc3
66.Ke3 Ba2 67.Rf8 b3 68.Rc8+ Kb2 69.Kd2 Ka1 70.Rc1+ Kb2 71.g5 Ka3 72.Rc8 b2
73.Ra8+ Kb3 74.Rb8+ Ka3 75.Kc2  1-0

[Event "Politiken Cup"]
[Site "Copenhagen DEN"]
[Date "2010.08.05"]
[Round "7"]
[White "Pallesen,Ja"]
[Black "Vesterli,M"]
[Result "1-0"]
[WhiteElo "2010"]
[BlackElo "1862"]

1.d4 Nf6 2.Nf3 g6 3.c4 Bg7 4.Nc3 O-O 5.e4 d6 6.Be2 e5 7.d5 Nh5 8.g3 f5 9.Ng5 Nf6
10.Bf3 h6 11.Ne6 Bxe6 12.dxe6 fxe4 13.Nxe4 Nc6 14.Be3 Qe7 15.Nxf6+ Rxf6 16.O-O Kh7
17.c5 Qxe6 18.Bd5 Qd7 19.Qb3 Na5 20.Qc3 dxc5 21.Rfd1 Rd6 22.Qxc5 b6 23.Qxd6 Qxd6
24.Bxa8 Qb4 25.b3 Qa3 26.Be4 Qb4 27.f3 Qc3 28.Bf2 Qb2 29.Rac1 Nxb3 30.axb3 Qxb3
31.Rd7 c5 32.Rxa7  1-0

[Event "111th US Open"]
[Site "Irvine USA"]
[Date "2010.08.05"]
[Round "?"]
[White "Liu,E"]
[Black "Bryant,J"]
[Result "1-0"]
[WhiteElo "2276"]
[BlackElo "2403"]

1.d4 Nf6 2.Nf3 g6 3.c4 Bg7 4.Nc3 O-O 5.e4 d6 6.Be2 Nbd7 7.O-O e5 8.Be3 Re8
9.d5 Nh5 10.g3 Bf8 11.Ne1 Ng7 12.Nd3 f5 13.f3 Be7 14.Qd2 Nf6 15.c5 Rf8 16.Rac1 fxe4
17.fxe4 Bh3 18.Rf2 h5 19.Bg5 Rf7 20.Bf1 Bd7 21.Bg2 Be8 22.Rd1 Nh7 23.Bxe7 Qxe7
24.Rxf7 Bxf7 25.Qf2 g5 26.h3 g4 27.h4 Be8 28.Rc1 a5 29.a4 Nf6 30.Rf1 Kf7
31.b3 Kg6 32.cxd6 cxd6 33.Nb2 Rc8 34.Nc4 Rc5 35.Qe3 Nh7 36.Rc1 b5 37.axb5 Bxb5
38.Nxa5 Qa7 39.b4 Rxc3 40.Rxc3 Qf7 41.Qb6  1-0

[Event "19th Open"]
[Site "Kavala GRE"]
[Date "2010.08.06"]
[Round "8"]
[White "Melkumyan,H"]
[Black "Jojua,D"]
[Result "1-0"]
[WhiteElo "2606"]
[BlackElo "2530"]

1.d4 Nf6 2.c4 g6 3.Nc3 Bg7 4.e4 d6 5.Be2 O-O 6.Nf3 Nbd7 7.O-O e5 8.Qc2 Nh5
9.Rd1 Nf4 10.Bf1 c5 11.dxe5 dxe5 12.Nb5 Ne6 13.Rb1 a6 14.Nd6 Qc7 15.a3 Nb8
16.b4 Nc6 17.bxc5 Ncd4 18.Nxd4 exd4 19.g3 Nxc5 20.Bf4 Qe7 21.Re1 Rd8 22.e5 g5
23.Bd2 Bxe5 24.Nxc8 Raxc8 25.Qf5 f6 26.Bxg5 Qd7 27.Qf3 Qc6 28.Qh5 fxg5 29.Rxe5 h6
30.Bg2 Qf6 31.Bd5+ Kh8 32.Rxb7 Rf8 33.Rf5 Qd6 34.Rbf7 d3 35.Qf3 Rxf7 36.Rxf7 Qe5
37.Rf8+  1-0

[Event "Open"]
[Site "Minsk BLR"]
[Date "2010.08.06"]
[Round "3"]
[White "Bykov,Alexe1"]
[Black "Tihonov,J"]
[Result "0-1"]
[WhiteElo "2257"]
[BlackElo "2469"]

1.d4 Nf6 2.Nf3 g6 3.c4 Bg7 4.Nc3 d6 5.e4 O-O 6.Be2 e5 7.O-O Na6 8.Re1 Qe8
9.Bf1 Bg4 10.d5 Nb4 11.Be2 a5 12.Be3 Na6 13.Nd2 Bd7 14.a3 Kh8 15.b4 Ng8 16.c5 f5
17.Nc4 f4 18.Bd2 axb4 19.axb4 dxc5 20.b5 Nb4 21.Rxa8 Qxa8 22.Bg4 Qc8 23.h3 Nh6
24.Bxd7 Qxd7 25.f3 Nf7 26.Qe2 Nc2 27.Rb1 Nd4 28.Qd3 b6 29.Ne2 g5 30.Nc3 h5
31.Ra1 g4 32.fxg4 hxg4 33.hxg4 Ng5 34.Kf2 Qxg4 35.Rh1+ Kg8 36.Be1 f3 37.g3 Nh3+  0-1

[Event "IM1 Winsoft Company Cup"]
[Site "Olomouc CZE"]
[Date "2010.08.06"]
[Round "3"]
[White "Aranaz Murillo,A"]
[Black "Dukaczewski,P"]
[Result "0-1"]
[WhiteElo "2190"]
[BlackElo "2319"]

1.Nf3 Nf6 2.c4 g6 3.Nc3 Bg7 4.e4 d6 5.d4 O-O 6.Be2 e5 7.d5 a5 8.Bg5 h6 9.Bh4 Na6
10.Nd2 Qe8 11.O-O Nh7 12.a3 Bd7 13.Kh1 h5 14.f3 Bf6 15.Bf2 h4 16.b3 Bg5 17.Rb1 Qe7
18.b4 axb4 19.axb4 Nf6 20.c5 dxc5 21.Bxa6 cxb4 22.Bxb7 bxc3 23.Bxa8 cxd2
24.Bb7 Nh5 25.Qc2 Qf6 26.Qxc7 Bh3 27.Qc3 Bd7 28.Rfd1 Qf4 29.Rb2 Kg7 30.Rdxd2 Ng3+
31.hxg3 hxg3 32.Bc5 Rh8+ 33.Kg1 Rh2 34.Kf1 Qh4 35.Bg1 Rh1 36.Qc5 Qh6 37.Re2 Be7
38.Qb6 Qc1+ 39.Re1 Qc4+ 40.Ree2 Bc5  0-1

[Event "GM1 Valoz Cup"]
[Site "Olomouc CZE"]
[Date "2010.08.06"]
[Round "3"]
[White "Akesson,R"]
[Black "Vovk,Y"]
[Result "0-1"]
[WhiteElo "2470"]
[BlackElo "2561"]

1.d4 Nf6 2.c4 g6 3.Nc3 Bg7 4.e4 d6 5.Be2 O-O 6.Nf3 e5 7.Be3 Ng4 8.Bg5 f6
9.Bh4 g5 10.Bg3 Nh6 11.d5 Nd7 12.Nd2 f5 13.exf5 Nf6 14.Nde4 Nxe4 15.Nxe4 Bxf5
16.Bd3 g4 17.Qe2 c6 18.O-O cxd5 19.cxd5 Nf7 20.f3 gxf3 21.Qxf3 Ng5 22.Nxg5 Bxd3
23.Qxd3 Qxg5 24.Bf2 a6 25.Be3 Qg4 26.Qd2 e4 27.Rxf8+ Rxf8 28.Rf1 Be5 29.Rxf8+ Kxf8
30.b3 Kf7 31.h3 Qg3 32.Qf2+ Kg6 33.Kf1 h5 34.Ke2 Qxf2+ 35.Bxf2 Kf5 36.Ke3 Bb2
37.Bg3 Bc1+ 38.Kd4 Bf4 39.Bf2 Bh2 40.g3 h4 41.g4+ Kf4 42.Bxh4 Bg1+ 43.Kc4 b5+
44.Kb4 e3 45.Ka5 Bf2 46.Be7 Ke5 47.Bg5 e2 48.Bd2 e1=Q 49.Bxe1 Bxe1+ 50.Kxa6 b4
51.Kb5 Kxd5 52.g5 Ke6 53.g6 Kf6 54.Kc6 Kxg6 55.Kxd6 Bh4 56.Ke6 Bf6 57.Kd5 Kg5
58.Ke6 Bd4  0-1

[Event "Politiken Cup"]
[Site "Copenhagen DEN"]
[Date "2010.08.07"]
[Round "9"]
[White "Pallesen,Ja"]
[Black "Rasmussen,He2"]
[Result "1/2-1/2"]
[WhiteElo "2010"]
[BlackElo "1867"]

1.d4 Nf6 2.Nf3 g6 3.c4 Bg7 4.Nc3 d6 5.e4 O-O 6.Be2 e5 7.d5 Bg4 8.Bg5 Bxf3
9.Bxf3 h6 10.Bh4 Nbd7 11.O-O a5 12.a3 Nb6 13.Be2 Qd7 14.b4 axb4 15.axb4 Rxa1
16.Qxa1 Ra8 17.Qb2 Na4 18.Nxa4 Qxa4 19.f3 Qa2 20.Rb1 Qxb2 21.Rxb2 Nd7 22.Bf2 Bf8  1/2-1/2

[Event "Open"]
[Site "Minsk BLR"]
[Date "2010.08.07"]
[Round "4"]
[White "Teterev,V"]
[Black "Daulyte,D"]
[Result "1/2-1/2"]
[WhiteElo "2520"]
[BlackElo "2333"]

1.c4 Nf6 2.Nc3 g6 3.e4 d6 4.d4 Bg7 5.Nf3 O-O 6.Be2 e5 7.O-O Na6 8.Be3 Ng4
9.Bg5 Qe8 10.Re1 c6 11.h3 f6 12.Bc1 Nh6 13.Bf1 Nc7 14.Be3 Qe7 15.Qd2 Nf7
16.b4 f5 17.exf5 Bxf5 18.dxe5 Nxe5 19.Nxe5 dxe5 20.Bc5 Rfd8 21.Bxe7 Rxd2
22.g4 Bd3 23.Rad1 Rxd1 24.Rxd1 Re8 25.Rxd3 Rxe7 26.Rd8+ Bf8 27.Ne4 Kg7 28.Rc8 Ne6
29.c5 Rd7 30.Bc4 Nf4 31.g5 Rd4 32.Rc7+ Kh8 33.Nd6 Nxh3+ 34.Kg2 Nxg5 35.Rxb7 Bxd6
36.cxd6 Rxc4 37.Re7 Rg4+ 38.Kf1 Rd4 39.d7 Ne6 40.Rxe6 Rxd7 41.Rxe5 Kg7 42.Rc5 Rd6
43.Ra5 Rd7 44.Rc5 Rd6  1/2-1/2

[Event "Open"]
[Site "Olomouc CZE"]
[Date "2010.08.07"]
[Round "4"]
[White "Hanko,P"]
[Black "Jasny,S"]
[Result "0-1"]
[WhiteElo "2198"]
[BlackElo "2323"]

1.d4 Nf6 2.Nf3 d6 3.c4 Nbd7 4.Nc3 e5 5.e4 g6 6.Be2 Bg7 7.O-O O-O 8.Re1 c6
9.Bf1 Qb6 10.dxe5 dxe5 11.Qc2 Re8 12.Be3 Qc7 13.h3 Nf8 14.Rad1 Ne6 15.c5 Nh5
16.b4 Bd7 17.Bc4 Nhf4 18.Ne2 Rad8 19.Nxf4 exf4 20.Bc1 Bc8 21.Bb2 Rxd1 22.Rxd1 Rd8
23.Bxg7 Kxg7 24.Rd3 Rxd3 25.Qxd3 Qd8 26.Qc3+ Qf6 27.e5 Qd8 28.Qc1 g5 29.Qe1 Nd4
30.Nd2 Be6 31.Bxe6 Nxe6 32.Ne4 Qd3 33.Nd6 b6 34.cxb6 axb6 35.a4 f3 36.Qe4 Qd1+
37.Kh2 fxg2 38.Qxg2 Qxa4 39.Qe4 Qa7 40.Ne8+ Kf8 41.Nf6 Qa2 42.Nxh7+ Kg7 43.Qf5 Qd2
44.Nf6 Qf4+ 45.Qxf4 Nxf4 46.Ne8+ Kg6 47.Nd6 b5 48.Nc8 Nd5 49.Kg3 Kf5 50.Nd6+ Ke6
51.Kg4 f6 52.exf6 Nxf6+ 53.Kxg5 Nh7+ 54.Kg6 Kxd6 55.Kxh7 c5 56.bxc5+ Kxc5
57.f4 b4 58.f5 b3 59.f6 b2 60.f7 b1=Q+ 61.Kg7 Qg1+ 62.Kh7 Qf2  0-1